UBT Library

Creating a winning E-business / (Record no. 1190)

000 -LEADER
fixed length control field 00536nam a22001817a 4500
008 - FIXED-LENGTH DATA ELEMENTS--GENERAL INFORMATION
fixed length control field 150930b xxu||||| |||| 00| 0 eng d
020 ## - INTERNATIONAL STANDARD BOOK NUMBER
International Standard Book Number 061903386X
041 0# - LANGUAGE CODE
Language code of text/sound track or separate title eng
080 ## - UNIVERSAL DECIMAL CLASSIFICATION NUMBER
Universal Decimal Classification number 658.8 : 004
245 00 - TITLE STATEMENT
Title Creating a winning E-business /
Statement of responsibility, etc H. Albert Napier ... [et al.].
250 ## -
-- 2nd ed.
260 ## -
-- Boston, Mass. :
-- Thomson Course Technology,
-- 2006.
300 ## -
-- xix, 444 f. :
-- me il.;
-- 24 cm.
650 #0 -
-- Tregëtia elektronike
650 #0 -
-- Rrjetet në ndërmarrje
700 1# -
-- Napier, H. Albert,
942 ## - ADDED ENTRY ELEMENTS (KOHA)
Source of classification or shelving scheme
Item type Books
Holdings
Withdrawn status Lost status Source of classification or shelving scheme Damaged status Not for loan Collection code Permanent location Current location Shelving location Date acquired Total Checkouts Full call number Barcode Date last seen Price effective from Koha item type
          Koleksioni i përgjithshem UBT - Lipjan UBT - Lipjan Koleksioni i përgjithshem 09/30/2015   658.8:004 DEM 002-008053 09/30/2015 09/30/2015 Books
UBT Library © 2015-2024. All rights reserved University Education for Business and Technology